| 000 | 01473nam2a22002531 4500 | ||
|---|---|---|---|
| 001 | RU\NLR\INFOCOMM18\1000228593 | ||
| 005 | 20250617021203.0 | ||
| 035 | _a(NLR Aleph) 002367862 | ||
| 090 |
_a4562824 _c4562824 |
||
| 100 | _a20041128d1984 |||y0rusy50 ca | ||
| 101 | 0 | _arus | |
| 102 | _aRU | ||
| 105 | _ay ||||||||| | ||
| 200 | 1 |
_aРекуперация энергии в стендах для испытания гидропередач _fВ.М. Морсин |
|
| 210 |
_d1984 _aБ. м. |
||
| 461 | 0 |
_1001RU\NLR\INFOCOMM18\1000228574 _12001#$aСтроительное, дорожное и коммунальное машиностроение$eОбзор. информ.$hСерия 11$iЭкскаваторы и стреловые краны$fЦНИИ информ. и техн.-экон. исслед. по строит., дор. и коммун. машиностроению$v1984, Вып.2 _94562768 _cМ. _d1979- _fЦНИИ информ. и техн.-экон. исслед. по строит., дор. и коммун. машиностроению _hСерия 11 _iЭкскаваторы и стреловые краны _oОбзор. информ. _tСтроительное, дорожное и коммунальное машиностроение _v1984, Вып.2 |
|
| 700 | 1 |
_aМорсин _bВ.М. _4070 |
|
| 801 | 1 |
_aRU _bInfoComm _c20041128 |
|
| 801 | 0 |
_aRU _bNLR _gPSBO |
|
| 852 |
_aNLR _jП10/5674 |
||
| 942 | _cISSUE | ||
| 980 | _aNB | ||
| 980 | _aRUSPER | ||